WAR AND THE SOVIET UNION NUCLEAR WEAPONS AND THE REVOLUTION IN SOVIET MILITARY AND POLITICAL THINKING (Record no. 570079)

000 -LEADER
fixed length control field 00329nam a22001097a 4500
082 ## - DEWEY DECIMAL CLASSIFICATION NUMBER
Classification number 355.02 DIN'W
100 ## - MAIN ENTRY--PERSONAL NAME
Personal name DINERSTEIN, H. S
9 (RLIN) 60325
245 ## - TITLE STATEMENT
Title WAR AND THE SOVIET UNION NUCLEAR WEAPONS AND THE REVOLUTION IN SOVIET MILITARY AND POLITICAL THINKING
260 ## - PUBLICATION, DISTRIBUTION, ETC.
Place of publication, distribution, etc. LONDON
Name of publisher, distributor, etc. STEVENS & SONS
Date of publication, distribution, etc. 1959
300 ## - PHYSICAL DESCRIPTION
Extent 268P
942 ## - ADDED ENTRY ELEMENTS (KOHA)
Koha item type Book
Holdings
Withdrawn status Lost status Damaged status Not for loan Permanent Location Current Location Shelving location Date acquired Total Checkouts Full call number Barcode Date last seen Price effective from Koha item type
        College of Electrical & Mechanical Engineering (CEME) College of Electrical & Mechanical Engineering (CEME) General Stacks 07/19/2017   355.02 DIN'W CEME-464 06/28/2021 06/28/2021 Book
© 2023 Central Library, National University of Sciences and Technology. All Rights Reserved.